00686cam a2200217u 45000010005000000030008000050050017000130080039000300350018000690400033000870410008001200820015001281000034001432450118001772500013002952600049003083000024003576500026003817000027004077000034004347605BD-RjUL20211208234438.0150114s1965 ohu 000 0 eng a(BD-RjUL)7649 aDLCcCarPdDLCdBD-RjULbeng aeng 2511.8bPIA1 aPiper, Edwin Bancroft d1891-10aApplied business mathematics for consumer and business use /cEdwin B. Piper, Roswell E. Fairbank, Joseph Gruber. a8th ed.  aCincinnati :bSouth-western Pub. Co.cc1965. aix,566 p. ;c24 cm. 0aBusiness mathematics.1 aGruber, Joseph,d1910-1 aCurry, Preston Edmond,d1887-